Statistics for Undertale AUs Quiz

Click here to take the quiz!

General Stats

  • This quiz has been taken 416 times
  • The average score is 6 of 15

Answer Stats

HintAU% Correct
OriginalUndertale
99%
Overly edgyUnderfell
86%
Stupid glitchesErrortale
81%
Paint Everywhere!Inktale
81%
InversionsUnderswap
70%
EY BROSKISUnderfresh
62%
Half a thousand RESETsAftertale
53%
DEATH FOR YOUReapertale
51%
HOIUnderTEM
32%
wilson do you see what this meansChristmas Party
8%
This isn't my world...Swaptale
7%
gloop gloop gloopGoopy Soul/Gooptale
1%
...!! ..HELLEN.PTA Undertale
1%
leg so hotSans With Mettaton's Legs
1%
what the spiceLucidia
0%

Score Distribution

Percentile by Number Answered

Percent of People with Each Score

Your Score History

You have not taken this quiz